|
|
|
|
| LEADER |
00947nam a2200253 a 4500 |
| 001 |
c000143129 |
| 003 |
CARM |
| 005 |
00000000000000.0 |
| 008 |
690113s1968 mauab b 00100 eng |
| 019 |
1 |
|
|a 706483
|5 LACONCORD2021
|
| 035 |
|
|
|a (OCoLC)369670
|5 LACONCORD2021
|
| 040 |
|
|
|d VDU
|
| 050 |
0 |
0 |
|a G73
|b .M62
|
| 245 |
0 |
0 |
|a Methods of geographic instruction /
|c John W. Morris, editor.
|
| 260 |
|
|
|a Waltham, Mass. :
|b Blaisdell Pub. Co.,
|c [1968]
|
| 300 |
|
|
|a 342 p. :
|b ill., maps ;
|c 24 cm.
|
| 440 |
|
0 |
|a Blaisdell book in geography
|
| 504 |
|
|
|a Includes bibliographical references and index.
|
| 650 |
|
0 |
|a Geography
|x Study and teaching.
|
| 700 |
1 |
|
|a Morris, John W.
|q (John Wesley)
|
| 852 |
8 |
|
|b CARM
|h A2:AI36E0
|i C04229
|p 0181070
|f BK
|
| 082 |
0 |
4 |
|a 910.7
|2 20
|
| 999 |
f |
f |
|i 1f649865-82e1-5508-923b-901e3b4ab9d7
|s c465bdee-5521-5018-bc52-9e3703314e1b
|
| 952 |
f |
f |
|p Can circulate
|a CAVAL
|b CAVAL
|c CAVAL
|d CARM 1 Store
|e C04229
|f A2:AI36E0
|h Other scheme
|i book
|m 0181070
|